000 00425nam a2200169Ia 4500
001 10328
003 IN-NITTTR
005 20251114233056.0
008 251113s9999||||xx |||||||||||||| ||eng||
040 _beng
040 _cIN-NITTTR
041 _aeng
082 _a621.38195835 I1C
100 _aIlardi, Frank A.
245 0 _aComputer circuit analysis :
_b theory and applications. /
_cIlardi, Frank A.
942 _2ddc
_cBK
999 _c12965
_d12965